| 000 | 00548 a2200181 4500 | ||
|---|---|---|---|
| 999 |
_c41462 _d41462 |
||
| 003 | OSt | ||
| 005 | 20220521122157.0 | ||
| 008 | 220521b ||||| |||| 00| 0 eng d | ||
| 020 | _a9788120352476 | ||
| 040 | _coclc | ||
| 082 |
_a150 _bMIS/P |
||
| 100 |
_99021 _aMishra, Braj Kumar, |
||
| 245 |
_aPsychology : The study of human behaviour/ _c Braj Kumar Mishra |
||
| 250 | _aSecond edition. | ||
| 260 |
_aDelhi: _bPHI Learning Private Limited, _c2021. |
||
| 300 | _a617 pages | ||
| 942 |
_2ddc _cBK _h150 _iMIS/P _k150 _mMIS/P |
||